000 00683nam a2200289Ia 4500
005 20260324130332.0
008 008 260324s9999 xx 000 0 eng d
020 _a9780080551210
037 _aEBOOK
040 _aCRL
040 _beng
040 _cCRL
041 _2eng
041 _aeng
084 _qCRL
100 _aArndt von Koenigsmarck
_91178881
245 0 _aVirtual Vixens
245 0 _b3D Character Modeling and Scene Placement
260 _bTaylor and Francis
260 _c2007
365 _a
365 _b285
856 _uhttp://www.taylorfrancis.com/books/9780080551210
942 _cEBOOK
999 _c1777473
_d1777473